| 000 | 01655nam a2200277 i 4500 | ||
|---|---|---|---|
| 003 | DO-SdBNP | ||
| 005 | 20250603103730.0 | ||
| 007 | ta | ||
| 008 | 250603s2021 dr 000 0 spa d | ||
| 040 |
_aDO-SdBNP _bspa _cBNPHU _erda |
||
| 082 |
_a352.15 _bF293g, 2021 _222 |
||
| 110 | 1 |
_aFederación Dominicana de Municipios (FEDOMU) _984131 |
|
| 245 | 1 | 0 |
_aAgenda estratégica territorial 2021-2030 : _bruta hacia los municipios del siglo XXI alienada con el Plan Nacional Plurianual del Sector Público 2021-2024 / |
| 264 |
_aSanto Domingo : _bFederación Dominicana de Municipios (FEDOMU), _c2021. |
||
| 300 |
_a37 paginas. : _c23 cm. |
||
| 336 |
_atexto _btxt _2rdacontent |
||
| 337 |
_asin mediación _bn _2rdamedia |
||
| 338 |
_avolumen _bnc _2rdacarrier |
||
| 500 | _aProyecto : Apoyo a la gobernanza territorial para el desarrollo de las ciudades y comunidades sostenibles en República Dominicana, financiado por la AECID. | ||
| 505 |
_tIntroducción, -- _tEstrategia nacional de desarrollo y objetivos de desarrollo sostenible : construcción del valor público y piso para el fortalecimiento de la gobernanza territorial, -- _tEl modelo de gobernanza territorial y municipal para la República Dominicana, -- _tAgenda estratégica territorial 2021-2030. Ruta hacia los municipios del siglo XXI : alienada con el Plan Nacional Plurianual del Sector Público 2021-2024, -- _tSiglas o abreviaturas de instituciones mencionadas, / |
||
| 590 | _aInventariado, 2025/ YL | ||
| 650 |
_aMunicipios _xEstrategia territorial _zRepública Dominicana _987964 |
||
| 650 |
_aEstrategia _xMunicipios _xAgenda _987965 |
||
| 910 | _aYlockward | ||
| 942 |
_2ddc _cLF2 |
||
| 999 |
_c59127 _d59127 |
||